Music Quiz

Random Music or Song Quiz

Mt. Eden Dubstep songs Quiz Stats

 Plays Quiz not verified by Sporcle

Score 0/17 Timer 05:00
0 Plays Today
% Correct
Sierra Leone
88.1%
Still Alive
51.2%
Silence
46.4%
Escape
32.1%
Beautiful Lies
31%
Bat for Lashes
26.2%
Frozen
25%
Archangel
23.8%
When will the Storm Begin
19%
% Correct
Let Go
15.5%
Faded
11.9%
I'll be there for you
9.5%
Saeglopur
9.5%
Salt water
7.1%
Sioman Says
6%
Into the light
3.6%
Is this love
2.4%

You're not logged in!

Compare scores with friends on all Sporcle quizzes.
OR
Log In

Show Comments

Extras

Created Oct 14, 2010ReportNominate
Tags:Song Quiz, dubstep

Top Quizzes Today


Score Distribution

Your Account Isn't Verified!

In order to create a playlist on Sporcle, you need to verify the email address you used during registration. Go to your Sporcle Settings to finish the process.

Report this User

Report this user for behavior that violates our Community Guidelines.

Details: